000 00474nam a2200157 i 4500
001 bg
100 1 _aSZUSZKOWSKA, Krystyna
245 0 _aRachunek kosztów przedsiębiorstw budowlano-montażowych /
_cKrystyna Szuszkowska, Władysław Szuszkowski, Eufemiusz Terebucha.
260 _aWarszawa,
_c1984.
700 1 _aSZUSZKOWSKI, Władysław
700 1 _aTEREBUCHA, Eufemiusz
040 _cBPK
041 _apol
942 _cKS
008 s pl f |000 0 pol
999 _c5104
_d5104
856 _uhttp://koha.tu.koszalin.pl/cgi-bin/koha/opac-detail.pl?biblionumber=5104
_yKatalog online BPK